00246nam a2200097Ia 4500008004100000100002800041245004000069260001700109942000700126999001500133190216s9999||||xx |||||||||||||| ||und|| aManikya Vachakan Pillai 2aA Text Book Of Analytical Chemistry bS Chand & Co cBK c2020d2020